The wandering hill (Record no. 36438)

MARC details
000 -LEADER
fixed length control field 00362nam a2200157Ia 4500
020 ## - INTERNATIONAL STANDARD BOOK NUMBER
ISBN 0- 7432- 3303- 4
050 ## - CALL MARK
Classification number PS3563.A319W36
100 ## - STATEMENT OF RESPONSIBILITY--MAIN AUTHOR NAME
Personal name Larry McMurtry
245 #4 - TITLE STATEMENT
Title The wandering hill
260 ## - PUBLICATION, DISTRIBUTION, ETC. (IMPRINT)
Name of publisher Simon & Schuster
260 ## - PUBLICATION, DISTRIBUTION, ETC. (IMPRINT)
Year of publication 2003
300 ## - PHYSICAL DESCRIPTION
Number of Pages 302 p
942 ## - ADDED ENTRY ELEMENTS (KOHA)
Koha item type Books
Holdings
Withdrawn status Lost status Source of classification or shelving scheme Damaged status Not for loan Permanent Location Current Location Date acquired Accession Number Price effective from Koha item type
    Library of Congress Classification     NILE UNIVERSITY OF NIGERIA - MAIN LIBRARY NILE UNIVERSITY OF NIGERIA - MAIN LIBRARY 04/23/2025 0006114 04/23/2025 Books